|
|
|
|
| LEADER |
01830nam a2200469 i 4500 |
| 001 |
nkc20203243163 |
| 003 |
CZ PrNK |
| 005 |
20251104133855.0 |
| 007 |
ta |
| 008 |
200821s2020 xr ah f 001 0 cze |
| 015 |
|
|
|a cnb003243163
|
| 020 |
|
|
|a 978-80-210-9636-3
|q (brožováno)
|
| 035 |
|
|
|a (OCoLC)1230106685
|
| 040 |
|
|
|a ABA001
|b cze
|e rda
|
| 072 |
|
7 |
|a 316.4/.7
|x Sociální interakce. Sociální komunikace
|2 Konspekt
|9 18
|
| 080 |
|
|
|a 316.772:005.931
|2 MRF
|
| 080 |
|
|
|a (048.8:082)
|2 MRF
|
| 100 |
1 |
|
|a Tomandl, Jan,
|d 1980-
|7 osa2011661261
|4 aut
|
| 245 |
1 |
0 |
|a Krizová komunikace :
|b principy - zkušenosti - postupy /
|c Jan Tomandl, Jaroslav Čuřík, Kristýna Maršovská, Tereza Fojtová
|
| 250 |
|
|
|a 1. vydání
|
| 264 |
|
1 |
|a Brno :
|b Masarykova univerzita,
|c 2020
|
| 300 |
|
|
|a 221 stran :
|b ilustrace (některé barevné), faksimile ;
|c 21 cm
|
| 336 |
|
|
|a text
|b txt
|2 rdacontent
|
| 337 |
|
|
|a bez média
|b n
|2 rdamedia
|
| 338 |
|
|
|a svazek
|b nc
|2 rdacarrier
|
| 490 |
1 |
|
|a Promedia ;
|v svazek 1.
|
| 504 |
|
|
|a Obsahuje bibliografii a rejstřík
|
| 650 |
0 |
7 |
|a krizová komunikace
|7 ph686892
|2 czenas
|
| 650 |
0 |
9 |
|a crisis communication
|2 eczenas
|
| 655 |
|
7 |
|a kolektivní monografie
|7 fd501537
|2 czenas
|
| 655 |
|
9 |
|a collective monographs
|2 eczenas
|
| 700 |
1 |
|
|a Čuřík, Jaroslav,
|d 1962-
|7 mzk2008479602
|4 aut
|
| 700 |
1 |
|
|a Maršovská, Kristýna,
|d 1992-
|7 hka20201091520
|4 aut
|
| 700 |
1 |
|
|a Fojtová, Tereza,
|d 1973-
|7 hka20201091518
|4 aut
|
| 830 |
|
0 |
|a Promedia
|0 s
|
| 910 |
2 |
|
|a BOA001
|b 2-1458.114
|
| 928 |
9 |
|
|a MUNI Press
|
| 990 |
|
|
|a BK
|
| 995 |
|
|
|a 01
|
| 991 |
|
|
|b 202101
|c NOV
|
| 996 |
6 |
|
|b 2610847047
|c 2-1458.114
|l MZK
|r Sklad / do 1 hodiny
|n 13
|p p.v.
|w 001835884
|u 000010
|a 1
|e BOA001
|j MZK50
|s P
|
| 996 |
7 |
|
|b 2610847048
|c 2-1458.114
|l Vol.výběr
|r VV 0p
|n 14
|p p.v.
|h 316.4/.7 TOM
|w 001835884
|u 000020
|a 0
|e BOA001
|j MZK50
|s A
|